Chemical engineering

Uloženo v:
Podrobná bibliografie
Hlavní autoři: Coulson, John Metcalfe (Autor), Richardson, John Francis (Autor)
Médium: Kniha
Jazyk:angličtina
Vydáno: Oxford Butterworth-Heinemann 1994
Vydání:3a. ed
Témata:
Tagy: Přidat tag
Žádné tagy, Buďte první, kdo vytvoří štítek k tomuto záznamu!

MARC

LEADER 00000nam a2200000 a 4500
001 UCK2662
003 CL-VaPUC
008 050311e19940000UK |||||||||||||||||eng|d
020 |a 0080410030 
082 0 4 |a 660.2  |b COU  |2 21 
100 0 |a Coulson, John Metcalfe  |e author  |9 490525 
700 0 |a Richardson, John Francis  |e author  |9 490526 
245 1 0 |a Chemical engineering 
250 |a 3a. ed 
300 |a v 
942 |c BK 
945 |d 20050311 00:00:00  |a cmena 
260 |a Oxford  |b Butterworth-Heinemann  |c 1994 
500 |a v.3: Chemical and biochemical reactors and process control 
650 7 |a INGENIERIA QUIMICA  |2 CL-VaPUC  |9 8 
650 0 |a Tecnología química   |9 263002 
650 0 |a Termodinámica   |9 259320 
650 0 |a Reacciones químicas  |9 259438 
583 |a last modification  |c 20050311 00:00:00  |k Rodrigo Vera 
999 |c 312097  |d 312095 
952 |0 0  |1 0  |4 0  |6 660_200000000000000_COU_1994  |7 0  |8 A  |9 381961  |a BIBING  |b BIBING  |d 2019-11-21  |h v.3  |i 4097238  |o 660.2 COU 1994  |p 4097238  |r 2025-01-20  |w 2019-11-21  |y BK  |k EIQ 
952 |0 0  |1 0  |4 0  |6 660_200000000000000_COU_1994  |7 0  |8 A  |9 381962  |a BIBING  |b BIBING  |d 2019-11-21  |h v.3  |i 4097246  |o 660.2 COU 1994  |p 4097246  |r 2025-01-20  |w 2019-11-21  |y BK  |k EIQ 
952 |0 0  |1 0  |4 0  |6 660_200000000000000_COU_1994  |7 0  |8 A  |9 381963  |a BIBING  |b BIBING  |d 2019-11-21  |h v.3  |i 4097254  |o 660.2 COU 1994  |p 4097254  |r 2025-01-20  |w 2019-11-21  |y BK  |k EIQ